[Event "Superfinal (women)"]
[Site "Moscow"]
[Date "2020.12.15"]
[Round "10.6"]
[White "Pogonina, Natalija"]
[Black "Garifullina, Leya"]
[Result "1/2-1/2"]
[BlackElo "2348"]
[WhiteElo "2474"]
[LiveChessVersion "1.4.8"]

1. d4 {[%clk 1:30:57]} Nf6 {[%clk 1:30:52]} 2. c4 {[%clk 1:31:22]} e6
{[%clk 1:31:16]} 3. Nf3 {[%clk 1:31:47]} d5 {[%clk 1:31:39]} 4. e3
{[%clk 1:26:10]} Be7 {[%clk 1:31:01]} 5. Nc3 {[%clk 1:26:11]} O-O
{[%clk 1:31:14]} 6. Be2 {[%clk 1:24:48]} dxc4 {[%clk 1:29:36]} 7. O-O
{[%clk 1:24:48]} a6 {[%clk 1:29:20]} 8. a4 {[%clk 1:23:52]} c5 {[%clk 1:29:18]}
9. Bxc4 {[%clk 1:22:33]} Nc6 {[%clk 1:28:20]} 10. h3 {[%clk 1:09:04]} Qb6
{[%clk 1:25:56]} 11. Qe2 {[%clk 0:57:09]} cxd4 {[%clk 1:25:08]} 12. exd4
{[%clk 0:57:08]} Nxd4 {[%clk 1:25:23]} 13. Nxd4 {[%clk 0:57:21]} Qxd4
{[%clk 1:25:48]} 14. Rd1 {[%clk 0:56:23]} Qc5 {[%clk 1:20:21]} 15. Be3
{[%clk 0:48:15]} Qa5 {[%clk 1:20:16]} 16. Bd4 {[%clk 0:46:30]} Re8
{[%clk 1:13:56]} 17. Ne4 {[%clk 0:44:33]} Nxe4 {[%clk 1:11:16]} 18. Qxe4
{[%clk 0:44:58]} Bf8 {[%clk 1:10:46]} 19. Be5 {[%clk 0:41:04]} f6
{[%clk 1:03:35]} 20. Bd6 {[%clk 0:29:55]} f5 {[%clk 0:54:54]} 21. Qe3
{[%clk 0:24:14]} Bxd6 {[%clk 0:53:34]} 22. Rxd6 {[%clk 0:24:40]} Kh8
{[%clk 0:52:12]} 23. Rad1 {[%clk 0:21:19]} Qxa4 {[%clk 0:49:37]} 24. Rd8
{[%clk 0:18:05]} h6 {[%clk 0:47:14]} 25. Qe5 {[%clk 0:10:30]} Kh7
{[%clk 0:44:01]} 26. Qc7 {[%clk 0:03:25]} Rxd8 {[%clk 0:39:34]} 27. Rxd8
{[%clk 0:03:50]} Qc2 {[%clk 0:38:44]} 28. Rxc8 {[%clk 0:00:52]} Rxc8
{[%clk 0:39:10]} 29. Qxc8 {[%clk 0:01:14]} Qc1+ {[%clk 0:39:38]} 30. Kh2
{[%clk 0:01:38]} Qf4+ {[%clk 0:40:04]} 31. Kg1 {[%clk 0:01:26]} Qc1+
{[%clk 0:40:28]} 32. Kh2 {[%clk 0:01:54]} Qf4+ {[%clk 0:40:47]} 33. Kg1
{[%clk 0:02:20]} Qc1+ {[%clk 0:41:13]} 34. Kh2 {[%clk 0:02:46]} Qf4+
{[%clk 0:41:39]} 35. Kg1 {[%clk 0:03:11]} Qc1+ {[%clk 0:42:06]} 1/2-1/2

[Event "Superfinal (women)"]
[Site "Moscow"]
[Date "2020.12.16"]
[Round "11.1"]
[White "Garifullina, Leya"]
[Black "Kosteniuk, Alexandra"]
[Result "0-1"]
[BlackElo "2471"]
[WhiteElo "2348"]
[LiveChessVersion "1.4.8"]

1. e4 {[%clk 1:30:56]} c5 {[%clk 1:30:56]} 2. Nf3 {[%clk 1:31:20]} e6
{[%clk 1:31:22]} 3. d4 {[%clk 1:31:46]} cxd4 {[%clk 1:31:48]} 4. Nxd4
{[%clk 1:32:12]} Nf6 {[%clk 1:32:12]} 5. Nc3 {[%clk 1:32:38]} Nc6
{[%clk 1:32:36]} 6. Nxc6 {[%clk 1:33:00]} bxc6 {[%clk 1:33:02]} 7. e5
{[%clk 1:33:25]} Nd5 {[%clk 1:33:26]} 8. Ne4 {[%clk 1:33:52]} Qc7
{[%clk 1:33:31]} 9. f4 {[%clk 1:34:16]} Qb6 {[%clk 1:33:44]} 10. c4
{[%clk 1:34:40]} Bb4+ {[%clk 1:33:53]} 11. Ke2 {[%clk 1:35:05]} f5
{[%clk 1:31:00]} 12. exf6 {[%clk 1:35:22]} Nxf6 {[%clk 1:31:25]} 13. Be3
{[%clk 1:35:47]} Qd8 {[%clk 1:31:07]} 14. Nd6+ {[%clk 1:36:07]} Bxd6
{[%clk 1:31:32]} 15. Qxd6 {[%clk 1:36:33]} Bb7 {[%clk 1:31:45]} 16. Rd1
{[%clk 1:36:23]} Rc8 {[%clk 1:31:53]} 17. g4 {[%clk 1:36:42]} c5 {[%clk 1:31:52]}
18. Rg1 {[%clk 1:36:43]} Qc7 {[%clk 1:32:09]} 19. Qxc7 {[%clk 1:27:30]} Rxc7
{[%clk 1:32:18]} 20. g5 {[%clk 1:23:54]} Ne4 {[%clk 1:32:31]} 21. Bg2
{[%clk 1:23:52]} Ke7 {[%clk 1:32:49]} 22. Bxe4 {[%clk 1:17:32]} Bxe4
{[%clk 1:32:52]} 23. Bc1 {[%clk 1:17:47]} d5 {[%clk 1:28:54]} 24. Ke3
{[%clk 1:17:36]} Kf7 {[%clk 1:22:58]} 25. b3 {[%clk 1:16:40]} a5 {[%clk 1:16:18]}
26. f5 {[%clk 1:13:36]} exf5 {[%clk 1:16:30]} 27. cxd5 {[%clk 1:14:00]} Rd8
{[%clk 1:14:36]} 28. Kf4 {[%clk 1:11:08]} Bxd5 {[%clk 1:00:33]} 29. Rge1
{[%clk 1:09:34]} Rcd7 {[%clk 0:42:58]} 30. Re5 {[%clk 1:08:55]} g6
{[%clk 0:42:45]} 31. Be3 {[%clk 1:09:13]} a4 {[%clk 0:41:55]} 32. bxa4
{[%clk 0:56:16]} c4 {[%clk 0:42:06]} 33. Bb6 {[%clk 0:56:03]} Be4
{[%clk 0:38:58]} 34. Rxd7+ {[%clk 0:56:14]} Rxd7 {[%clk 0:39:24]} 35. Rc5
{[%clk 0:56:21]} Ke6 {[%clk 0:39:16]} 36. Rxc4 {[%clk 0:56:14]} Rd2
{[%clk 0:37:43]} 37. Rc8 {[%clk 0:54:55]} Rxh2 {[%clk 0:36:36]} 38. Re8+
{[%clk 0:55:19]} Kd5 {[%clk 0:33:22]} 39. Rd8+ {[%clk 0:55:42]} Kc6
{[%clk 0:33:05]} 40. a5 {[%clk 1:26:05]} Rxa2 {[%clk 1:01:33]} 41. Rh8
{[%clk 1:24:40]} Rh2 {[%clk 1:01:40]} 42. Ke5 {[%clk 1:24:37]} Bd3
{[%clk 1:01:17]} 43. Rc8+ {[%clk 1:24:17]} Kb5 {[%clk 0:59:41]} 44. Rc7
{[%clk 1:24:25]} Rh4 {[%clk 0:58:40]} 45. Kf6 {[%clk 1:23:33]} f4
{[%clk 0:56:46]} 46. Rc5+ {[%clk 1:22:41]} Ka6 {[%clk 0:51:41]} 47. Rd5
{[%clk 1:23:03]} Be4 {[%clk 0:46:16]} 48. Rd4 {[%clk 1:23:14]} f3
{[%clk 0:46:35]} 49. Ke5 {[%clk 1:23:20]} f2 {[%clk 0:46:53]} 50. Rd1
{[%clk 1:23:20]} Bg2 {[%clk 0:45:52]} 51. Bxf2 {[%clk 1:23:42]} Rg4
{[%clk 0:46:18]} 52. Rd7 {[%clk 1:19:47]} Rxg5+ {[%clk 0:46:06]} 53. Kf4
{[%clk 1:20:08]} Rf5+ {[%clk 0:45:59]} 54. Ke3 {[%clk 1:19:45]} Rh5
{[%clk 0:45:56]} 55. Be1 {[%clk 1:19:43]} g5 {[%clk 0:43:02]} 56. Kf2
{[%clk 1:19:38]} Bc6 {[%clk 0:43:16]} 57. Rd6 {[%clk 1:19:36]} Kb5
{[%clk 0:43:35]} 58. Rf6 {[%clk 1:19:20]} g4 {[%clk 0:39:41]} 59. Kg3
{[%clk 1:18:54]} Rh1 {[%clk 0:39:59]} 60. Rf5+ {[%clk 1:18:10]} Ka4
{[%clk 0:38:08]} 61. Bf2 {[%clk 1:18:10]} h5 {[%clk 0:38:28]} 62. Kf4
{[%clk 1:17:25]} h4 {[%clk 0:36:23]} 63. Rc5 {[%clk 1:07:13]} g3 {[%clk 0:36:06]}
64. Be3 {[%clk 1:07:27]} Bb7 {[%clk 0:31:10]} 65. Rc7 {[%clk 1:07:36]} Rb1
{[%clk 0:26:29]} 66. Kg4 {[%clk 0:59:11]} g2 {[%clk 0:26:34]} 67. Kxh4
{[%clk 0:59:00]} Rh1+ {[%clk 0:27:00]} 68. Kg3 {[%clk 0:59:17]} g1=Q+
{[%clk 0:27:24]} 69. Bxg1 {[%clk 0:59:45]} Rxg1+ {[%clk 0:27:49]} 70. Kf4
{[%clk 0:59:53]} Rb1 {[%clk 0:28:03]} 71. Ke3 {[%clk 0:59:54]} Kxa5
{[%clk 0:28:24]} 72. Kd4 {[%clk 1:00:10]} Kb6 {[%clk 0:28:43]} 73. Rc3
{[%clk 1:00:30]} Bc6 {[%clk 0:27:48]} 74. Rg3 {[%clk 1:00:36]} Rb4+
{[%clk 0:28:09]} 75. Kc3 {[%clk 1:01:00]} Rh4 {[%clk 0:28:17]} 76. Rg5
{[%clk 1:01:22]} Bd7 {[%clk 0:27:49]} 77. Rg6+ {[%clk 1:01:35]} Kc5
{[%clk 0:28:16]} 78. Rg5+ {[%clk 1:01:59]} Kd6 {[%clk 0:28:43]} 79. Rg6+
{[%clk 1:02:07]} Be6 {[%clk 0:28:58]} 80. Rg5 {[%clk 1:02:28]} Bd5
{[%clk 0:29:13]} 81. Rg7 {[%clk 1:02:29]} Kc5 {[%clk 0:29:32]} 82. Rg3
{[%clk 1:02:29]} Ra4 {[%clk 0:29:53]} 83. Rg7 {[%clk 1:02:37]} Ra3+
{[%clk 0:30:18]} 84. Kb2 {[%clk 1:03:03]} Rh3 {[%clk 0:30:08]} 85. Rg5
{[%clk 1:03:05]} Kd4 {[%clk 0:30:33]} 86. Rg4+ {[%clk 1:03:17]} Kd3
{[%clk 0:30:25]} 87. Rg5 {[%clk 1:02:56]} Rh2+ {[%clk 0:30:29]} 88. Ka3
{[%clk 1:03:14]} Kc4 {[%clk 0:30:53]} 89. Rg1 {[%clk 1:02:00]} Kc5
{[%clk 0:27:32]} 90. Ra1 {[%clk 1:01:21]} Bc4 {[%clk 0:25:18]} 91. Ka4
{[%clk 1:01:20]} Rg2 {[%clk 0:20:27]} 92. Ka3 {[%clk 1:01:29]} Rc2
{[%clk 0:20:46]} 93. Ka4 {[%clk 1:01:41]} Rc3 {[%clk 0:20:36]} 94. Rb1
{[%clk 1:01:25]} Bd3 {[%clk 0:20:02]} 95. Ra1 {[%clk 1:00:42]} Bc4
{[%clk 0:17:01]} 96. Ka5 {[%clk 1:00:24]} Rh3 {[%clk 0:16:57]} 97. Ka4
{[%clk 1:00:19]} Bb5+ {[%clk 0:17:14]} 98. Ka5 {[%clk 1:00:43]} Rh8
{[%clk 0:17:29]} 99. Rc1+ {[%clk 0:59:36]} Bc4 {[%clk 0:17:19]} 0-1

[Event "Superfinal (women)"]
[Site "Moscow"]
[Date "2020.12.16"]
[Round "11.2"]
[White "Galliamova, Alisa"]
[Black "Pogonina, Natalija"]
[Result "0-1"]
[BlackElo "2474"]
[WhiteElo "2438"]
[LiveChessVersion "1.4.8"]

1. d4 {[%clk 1:30:57]} Nf6 {[%clk 1:30:54]} 2. c4 {[%clk 1:31:24]} c5
{[%clk 1:31:14]} 3. dxc5 {[%clk 1:26:58]} Na6 {[%clk 1:17:04]} 4. g3
{[%clk 1:26:22]} Nxc5 {[%clk 1:16:30]} 5. Bg2 {[%clk 1:24:04]} g6
{[%clk 1:16:32]} 6. b4 {[%clk 1:14:19]} Ne6 {[%clk 1:11:14]} 7. Bb2
{[%clk 1:14:08]} Bg7 {[%clk 1:10:33]} 8. Nh3 {[%clk 1:10:06]} a5 {[%clk 1:01:09]}
9. a3 {[%clk 0:58:36]} axb4 {[%clk 0:54:05]} 10. axb4 {[%clk 0:59:00]} Rxa1
{[%clk 0:54:25]} 11. Bxa1 {[%clk 0:59:26]} Qc7 {[%clk 0:51:14]} 12. Qd3
{[%clk 0:50:45]} b6 {[%clk 0:46:45]} 13. O-O {[%clk 0:49:16]} Ba6
{[%clk 0:44:16]} 14. Nd2 {[%clk 0:37:12]} O-O {[%clk 0:44:04]} 15. e4
{[%clk 0:35:47]} d6 {[%clk 0:41:34]} 16. f4 {[%clk 0:35:45]} b5 {[%clk 0:37:33]}
17. c5 {[%clk 0:13:19]} dxc5 {[%clk 0:35:57]} 18. Bxf6 {[%clk 0:10:06]} Bxf6
{[%clk 0:32:54]} 19. e5 {[%clk 0:10:28]} Bg7 {[%clk 0:31:40]} 20. Ra1
{[%clk 0:10:31]} Rd8 {[%clk 0:26:59]} 21. Qe3 {[%clk 0:10:51]} Bc8
{[%clk 0:22:43]} 22. Nf2 {[%clk 0:10:22]} f6 {[%clk 0:19:38]} 23. exf6
{[%clk 0:09:21]} Bxf6 {[%clk 0:19:28]} 24. Rc1 {[%clk 0:07:36]} c4
{[%clk 0:19:02]} 25. Nf3 {[%clk 0:06:24]} Nd4 {[%clk 0:17:50]} 26. Ne5
{[%clk 0:05:54]} Bxe5 {[%clk 0:13:04]} 27. fxe5 {[%clk 0:06:12]} Bb7
{[%clk 0:13:07]} 28. h4 {[%clk 0:06:03]} Bxg2 {[%clk 0:11:37]} 29. Kxg2
{[%clk 0:06:30]} Nf5 {[%clk 0:10:16]} 30. Qe2 {[%clk 0:04:55]} Qc6+
{[%clk 0:09:04]} 31. Kh3 {[%clk 0:04:13]} Nd4 {[%clk 0:06:59]} 32. Qg4
{[%clk 0:04:04]} Nf3 {[%clk 0:06:01]} 33. Rc3 {[%clk 0:02:54]} Nxe5
{[%clk 0:05:52]} 34. Qg5 {[%clk 0:02:46]} Qe6+ {[%clk 0:04:35]} 35. Kg2
{[%clk 0:03:04]} Nd3 {[%clk 0:02:40]} 36. Ng4 {[%clk 0:01:48]} Qe4+
{[%clk 0:01:07]} 37. Kh2 {[%clk 0:01:37]} Rd5 {[%clk 0:01:02]} 38. Nh6+
{[%clk 0:01:09]} Kg7 {[%clk 0:01:22]} 39. Qd2 {[%clk 0:01:25]} Rh5
{[%clk 0:00:46]} 40. Qd1 {[%clk 0:30:40]} Kxh6 {[%clk 0:30:40]} 0-1

[Event "Superfinal (women)"]
[Site "Moscow"]
[Date "2020.12.16"]
[Round "11.3"]
[White "Grigorieva, Yulia"]
[Black "Gunina, Valentina"]
[Result "1-0"]
[BlackElo "2451"]
[WhiteElo "2290"]
[LiveChessVersion "1.4.8"]

1. e4 {[%clk 1:30:57]} c6 {[%clk 1:30:55]} 2. d4 {[%clk 1:31:19]} d5
{[%clk 1:31:21]} 3. e5 {[%clk 1:31:44]} Bf5 {[%clk 1:31:48]} 4. Bd3
{[%clk 1:32:07]} Bxd3 {[%clk 1:32:14]} 5. Qxd3 {[%clk 1:32:32]} e6
{[%clk 1:32:41]} 6. Ne2 {[%clk 1:32:51]} Qa5+ {[%clk 1:33:06]} 7. Nd2
{[%clk 1:33:12]} c5 {[%clk 1:33:24]} 8. c3 {[%clk 1:10:28]} Qa6 {[%clk 1:31:07]}
9. Qf3 {[%clk 1:07:24]} Nc6 {[%clk 1:30:49]} 10. O-O {[%clk 1:06:40]} Nge7
{[%clk 1:28:50]} 11. Nb3 {[%clk 1:01:26]} Nf5 {[%clk 1:28:13]} 12. Ng3
{[%clk 1:00:05]} c4 {[%clk 1:19:58]} 13. Nd2 {[%clk 0:54:30]} Nce7
{[%clk 1:17:35]} 14. Re1 {[%clk 0:48:11]} Nxg3 {[%clk 1:14:23]} 15. fxg3
{[%clk 0:47:07]} h5 {[%clk 1:14:25]} 16. Nf1 {[%clk 0:42:56]} Ng6
{[%clk 1:07:56]} 17. Bg5 {[%clk 0:35:05]} Be7 {[%clk 1:02:20]} 18. Bxe7
{[%clk 0:35:13]} Nxe7 {[%clk 0:58:40]} 19. Ne3 {[%clk 0:35:17]} Qb6
{[%clk 0:55:01]} 20. Rf1 {[%clk 0:28:34]} Kd7 {[%clk 0:55:02]} 21. Rab1
{[%clk 0:25:52]} Raf8 {[%clk 0:50:33]} 22. b3 {[%clk 0:19:38]} cxb3
{[%clk 0:50:47]} 23. Rxb3 {[%clk 0:20:04]} Qc6 {[%clk 0:50:57]} 24. c4
{[%clk 0:17:42]} f6 {[%clk 0:50:12]} 25. cxd5 {[%clk 0:13:58]} exd5
{[%clk 0:49:02]} 26. Rfb1 {[%clk 0:11:46]} b6 {[%clk 0:45:31]} 27. Qe2
{[%clk 0:09:51]} fxe5 {[%clk 0:44:07]} 28. dxe5 {[%clk 0:09:59]} Qc5
{[%clk 0:44:31]} 29. Rb5 {[%clk 0:08:29]} Qd4 {[%clk 0:38:13]} 30. Rd1
{[%clk 0:08:04]} Qe4 {[%clk 0:38:29]} 31. Qd2 {[%clk 0:06:49]} Ke8
{[%clk 0:09:06]} 32. Nxd5 {[%clk 0:05:44]} Qa4 {[%clk 0:03:18]} 33. e6
{[%clk 0:02:40]} Nc8 {[%clk 0:01:20]} 34. Nc7+ {[%clk 0:02:57]} Ke7
{[%clk 0:01:48]} 35. Qg5+ {[%clk 0:03:02]} 1-0

[Event "Superfinal (women)"]
[Site "Moscow"]
[Date "2020.12.16"]
[Round "11.4"]
[White "Goryachkina, Aleksandra"]
[Black "Getman, Tatyana"]
[Result "1-0"]
[BlackElo "2302"]
[WhiteElo "2593"]
[LiveChessVersion "1.4.8"]

1. c4 {[%clk 1:30:37]} e6 {[%clk 1:30:53]} 2. Nc3 {[%clk 1:30:44]} d5
{[%clk 1:31:07]} 3. d4 {[%clk 1:30:54]} Bb4 {[%clk 1:31:20]} 4. cxd5
{[%clk 1:31:03]} exd5 {[%clk 1:31:42]} 5. Bf4 {[%clk 1:31:20]} c6
{[%clk 1:28:50]} 6. e3 {[%clk 1:29:15]} Ne7 {[%clk 1:26:36]} 7. Qb3
{[%clk 1:28:00]} Bd6 {[%clk 1:25:21]} 8. Bxd6 {[%clk 1:22:36]} Qxd6
{[%clk 1:25:45]} 9. Bd3 {[%clk 1:21:31]} O-O {[%clk 1:22:36]} 10. Nf3
{[%clk 1:20:59]} Nd7 {[%clk 1:22:05]} 11. O-O {[%clk 1:18:32]} Nf6
{[%clk 1:19:32]} 12. Rac1 {[%clk 1:14:51]} Ng6 {[%clk 1:13:12]} 13. h3
{[%clk 1:12:44]} Re8 {[%clk 1:12:42]} 14. a3 {[%clk 1:07:18]} Qe7
{[%clk 1:07:55]} 15. Qb4 {[%clk 1:05:08]} Qxb4 {[%clk 1:03:25]} 16. axb4
{[%clk 1:05:36]} a6 {[%clk 1:03:46]} 17. Nd2 {[%clk 1:04:01]} Ne7
{[%clk 1:01:47]} 18. Nb3 {[%clk 1:01:34]} Bf5 {[%clk 1:00:28]} 19. Be2
{[%clk 1:01:36]} Nc8 {[%clk 0:59:25]} 20. g4 {[%clk 0:56:27]} Be6
{[%clk 0:58:20]} 21. f3 {[%clk 0:53:59]} Nd6 {[%clk 0:41:58]} 22. Kf2
{[%clk 0:50:54]} Rad8 {[%clk 0:40:47]} 23. Nc5 {[%clk 0:49:19]} Bc8
{[%clk 0:40:46]} 24. Bd3 {[%clk 0:47:54]} Nd7 {[%clk 0:39:14]} 25. Rfe1
{[%clk 0:46:08]} f5 {[%clk 0:38:22]} 26. gxf5 {[%clk 0:40:21]} Nxc5
{[%clk 0:38:13]} 27. bxc5 {[%clk 0:39:47]} Nxf5 {[%clk 0:38:37]} 28. Bxf5
{[%clk 0:39:44]} Bxf5 {[%clk 0:39:01]} 29. h4 {[%clk 0:40:01]} Rf8
{[%clk 0:36:44]} 30. Rg1 {[%clk 0:32:55]} Rf6 {[%clk 0:29:23]} 31. Rg3
{[%clk 0:31:47]} Rd7 {[%clk 0:28:54]} 32. Ke2 {[%clk 0:29:00]} Bg6
{[%clk 0:27:29]} 33. Rg5 {[%clk 0:27:20]} h6 {[%clk 0:26:09]} 34. Re5
{[%clk 0:26:11]} Kh7 {[%clk 0:17:20]} 35. Rg1 {[%clk 0:21:20]} Bc2
{[%clk 0:15:30]} 36. Kd2 {[%clk 0:19:24]} Bb3 {[%clk 0:14:22]} 37. f4
{[%clk 0:18:42]} Bc4 {[%clk 0:11:44]} 38. Na4 {[%clk 0:14:22]} Bb5
{[%clk 0:10:43]} 39. Nb6 {[%clk 0:13:44]} Rc7 {[%clk 0:10:16]} 40. Re8
{[%clk 0:42:44]} Rf5 {[%clk 0:36:03]} 41. Nc8 {[%clk 0:40:29]} Rh5
{[%clk 0:34:56]} 42. Ne7 {[%clk 0:40:15]} g5 {[%clk 0:28:17]} 43. fxg5
{[%clk 0:40:00]} hxg5 {[%clk 0:28:22]} 44. hxg5 {[%clk 0:40:18]} Kg7
{[%clk 0:26:24]} 45. g6 {[%clk 0:39:12]} Rh2+ {[%clk 0:26:19]} 46. Kc3
{[%clk 0:39:01]} Re2 {[%clk 0:25:49]} 47. Nf5+ {[%clk 0:39:00]} 1-0

[Event "Superfinal (women)"]
[Site "Moscow"]
[Date "2020.12.16"]
[Round "11.5"]
[White "Girya, Olga"]
[Black "Shuvalova, Polina"]
[Result "1/2-1/2"]
[BlackElo "2456"]
[WhiteElo "2464"]
[LiveChessVersion "1.4.8"]

1. d4 {[%clk 1:30:57]} Nf6 {[%clk 1:30:54]} 2. c4 {[%clk 1:31:22]} e6
{[%clk 1:31:21]} 3. Nf3 {[%clk 1:31:48]} d5 {[%clk 1:31:47]} 4. Nc3
{[%clk 1:32:08]} dxc4 {[%clk 1:32:11]} 5. e4 {[%clk 1:31:07]} Bb4
{[%clk 1:32:36]} 6. Bxc4 {[%clk 1:30:53]} Nxe4 {[%clk 1:33:02]} 7. O-O
{[%clk 1:31:18]} Nf6 {[%clk 1:33:28]} 8. Qa4+ {[%clk 1:31:05]} Nc6
{[%clk 1:33:54]} 9. Ne5 {[%clk 1:29:31]} Rb8 {[%clk 1:34:05]} 10. d5
{[%clk 1:28:13]} exd5 {[%clk 1:34:04]} 11. Nxc6 {[%clk 1:26:54]} bxc6
{[%clk 1:34:22]} 12. Nxd5 {[%clk 1:27:10]} Nxd5 {[%clk 1:34:44]} 13. Qxc6+
{[%clk 1:27:36]} Qd7 {[%clk 1:35:06]} 14. Qxd5 {[%clk 1:27:47]} Qxd5
{[%clk 1:31:03]} 15. Bxd5 {[%clk 1:28:00]} O-O {[%clk 1:31:24]} 16. Be3
{[%clk 1:27:00]} Bd6 {[%clk 1:25:30]} 17. b3 {[%clk 1:18:47]} a5 {[%clk 1:25:18]}
18. Rac1 {[%clk 1:17:03]} Bd7 {[%clk 1:21:55]} 19. Rfd1 {[%clk 1:17:21]} a4
{[%clk 1:18:41]} 20. bxa4 {[%clk 1:17:07]} Bxa4 {[%clk 1:14:14]} 21. Rd4
{[%clk 1:17:28]} Bd7 {[%clk 1:06:13]} 22. a4 {[%clk 1:12:48]} Be6
{[%clk 1:04:26]} 23. Bxe6 {[%clk 1:02:24]} fxe6 {[%clk 1:04:41]} 24. Re4
{[%clk 0:59:01]} Rb2 {[%clk 0:58:02]} 25. g3 {[%clk 0:45:51]} Ra2
{[%clk 0:56:10]} 26. Rcc4 {[%clk 0:45:57]} e5 {[%clk 0:55:27]} 27. Kg2
{[%clk 0:42:00]} Kf7 {[%clk 0:52:07]} 28. Rh4 {[%clk 0:34:03]} Kg8
{[%clk 0:44:32]} 29. Rhg4 {[%clk 0:31:44]} Kf7 {[%clk 0:43:37]} 30. Rh4
{[%clk 0:26:49]} Kg8 {[%clk 0:43:48]} 31. Rhg4 {[%clk 0:27:13]} Kf7
{[%clk 0:44:07]} 32. h4 {[%clk 0:23:36]} Rb8 {[%clk 0:38:15]} 33. h5
{[%clk 0:21:25]} Ra8 {[%clk 0:28:28]} 34. Bc5 {[%clk 0:16:46]} Rf8
{[%clk 0:26:42]} 35. Kh3 {[%clk 0:13:08]} g6 {[%clk 0:24:08]} 36. hxg6+
{[%clk 0:05:53]} hxg6 {[%clk 0:24:19]} 37. Be3 {[%clk 0:06:05]} Ra8
{[%clk 0:21:41]} 38. Kg2 {[%clk 0:06:02]} Kf6 {[%clk 0:20:07]} 39. Kf3
{[%clk 0:05:37]} Kf7 {[%clk 0:17:58]} 40. Rh4 {[%clk 0:33:49]} Kg7
{[%clk 0:47:31]} 41. Kg2 {[%clk 0:31:42]} Kf6 {[%clk 0:42:06]} 42. Rcg4
{[%clk 0:30:25]} Kf5 {[%clk 0:39:42]} 43. Rg5+ {[%clk 0:28:12]} Kf6
{[%clk 0:39:39]} 44. Rh6 {[%clk 0:28:22]} Rg8 {[%clk 0:39:54]} 45. Rg4
{[%clk 0:27:49]} Kf5 {[%clk 0:39:40]} 46. Kf3 {[%clk 0:26:31]} Kf6
{[%clk 0:39:38]} 47. Rh7 {[%clk 0:24:05]} Ra8 {[%clk 0:39:38]} 48. Bg5+
{[%clk 0:23:21]} Ke6 {[%clk 0:39:21]} 49. Be3 {[%clk 0:22:17]} Kf6
{[%clk 0:39:17]} 50. Rh6 {[%clk 0:20:55]} Rg8 {[%clk 0:39:29]} 51. Rc4
{[%clk 0:18:02]} Ra8 {[%clk 0:39:17]} 52. Rhh4 {[%clk 0:18:28]} Kf7
{[%clk 0:39:18]} 53. Rhe4 {[%clk 0:18:43]} Kf6 {[%clk 0:37:48]} 54. Kg4
{[%clk 0:19:06]} Kf7 {[%clk 0:34:18]} 55. f4 {[%clk 0:16:50]} exf4
{[%clk 0:33:32]} 56. Bxf4 {[%clk 0:17:18]} Kg7 {[%clk 0:33:22]} 57. Red4
{[%clk 0:15:07]} Ra3 {[%clk 0:31:38]} 58. Re4 {[%clk 0:13:17]} Ra5
{[%clk 0:31:03]} 59. Bxd6 {[%clk 0:09:27]} cxd6 {[%clk 0:31:29]} 60. Red4
{[%clk 0:07:21]} Kh6 {[%clk 0:30:41]} 61. Kh3 {[%clk 0:05:52]} 1/2-1/2

[Event "Superfinal (women)"]
[Site "Moscow"]
[Date "2020.12.16"]
[Round "11.6"]
[White "Guseva, Marina"]
[Black "Kashlinskaya, Alina"]
[Result "0-1"]
[BlackElo "2494"]
[WhiteElo "2359"]
[LiveChessVersion "1.4.8"]

1. d4 {[%clk 1:30:58]} Nf6 {[%clk 1:30:54]} 2. c4 {[%clk 1:31:24]} e6
{[%clk 1:31:17]} 3. Nc3 {[%clk 1:31:50]} Bb4 {[%clk 1:31:40]} 4. f3
{[%clk 1:28:27]} c5 {[%clk 1:31:59]} 5. d5 {[%clk 1:28:53]} b5 {[%clk 1:32:01]}
6. e4 {[%clk 1:29:18]} d6 {[%clk 1:32:21]} 7. Bd2 {[%clk 1:29:43]} a6
{[%clk 1:32:14]} 8. a4 {[%clk 1:30:09]} bxc4 {[%clk 1:32:05]} 9. Bxc4
{[%clk 1:30:34]} Nbd7 {[%clk 1:31:39]} 10. dxe6 {[%clk 1:28:33]} fxe6
{[%clk 1:31:58]} 11. Bxe6 {[%clk 1:28:05]} Ne5 {[%clk 1:32:08]} 12. Bxc8
{[%clk 1:27:30]} Qxc8 {[%clk 1:32:28]} 13. Bf4 {[%clk 1:08:35]} c4
{[%clk 1:32:10]} 14. Bxe5 {[%clk 1:09:01]} dxe5 {[%clk 1:32:36]} 15. Nh3
{[%clk 1:09:28]} Qc5 {[%clk 1:32:47]} 16. Qe2 {[%clk 1:07:58]} O-O-O
{[%clk 1:32:27]} 17. Nf2 {[%clk 1:03:34]} Rd4 {[%clk 1:32:23]} 18. O-O
{[%clk 1:01:56]} Rhd8 {[%clk 1:32:36]} 19. Rfd1 {[%clk 0:57:43]} Bxc3
{[%clk 1:31:27]} 20. bxc3 {[%clk 0:55:57]} Rxd1+ {[%clk 1:31:44]} 21. Rxd1
{[%clk 0:56:24]} Rxd1+ {[%clk 1:31:58]} 22. Qxd1 {[%clk 0:56:51]} Qe3
{[%clk 1:32:07]} 23. Qa1 {[%clk 0:44:42]} Nd7 {[%clk 1:18:28]} 24. Kf1
{[%clk 0:44:43]} Nc5 {[%clk 1:14:09]} 25. Qe1 {[%clk 0:44:37]} Qh6
{[%clk 0:55:52]} 26. Qd1 {[%clk 0:41:59]} Qc6 {[%clk 0:38:42]} 27. Ng4
{[%clk 0:42:21]} Nd3 {[%clk 0:38:23]} 28. Ne3 {[%clk 0:42:02]} Qb6
{[%clk 0:32:41]} 29. Ke2 {[%clk 0:20:39]} Nf4+ {[%clk 0:32:17]} 30. Kd2
{[%clk 0:18:05]} Qd6+ {[%clk 0:30:17]} 31. Kc2 {[%clk 0:16:10]} Qc6
{[%clk 0:27:37]} 32. g3 {[%clk 0:06:38]} Qxa4+ {[%clk 0:25:10]} 33. Kd2
{[%clk 0:07:05]} Qd7+ {[%clk 0:25:22]} 34. Ke1 {[%clk 0:07:23]} Nd3+
{[%clk 0:24:56]} 35. Ke2 {[%clk 0:07:44]} Qb5 {[%clk 0:23:37]} 36. Qd2
{[%clk 0:07:21]} a5 {[%clk 0:15:09]} 37. Nxc4 {[%clk 0:07:17]} Nf4+
{[%clk 0:14:07]} 38. gxf4 {[%clk 0:07:43]} Qxc4+ {[%clk 0:14:34]} 39. Ke3
{[%clk 0:01:28]} exf4+ {[%clk 0:07:19]} 40. Kxf4 {[%clk 0:31:26]} a4
{[%clk 0:37:22]} 41. Qc1 {[%clk 0:21:20]} Qb3 {[%clk 0:33:13]} 42. Qe3
{[%clk 0:21:14]} a3 {[%clk 0:28:52]} 43. Qc5+ {[%clk 0:21:39]} Kb7
{[%clk 0:29:06]} 44. Qe7+ {[%clk 0:21:39]} Ka8 {[%clk 0:29:00]} 45. e5
{[%clk 0:21:49]} Qc4+ {[%clk 0:18:25]} 46. Kg3 {[%clk 0:21:55]} a2
{[%clk 0:18:38]} 47. Qd8+ {[%clk 0:21:24]} Kb7 {[%clk 0:17:29]} 48. Qd7+
{[%clk 0:16:25]} Ka6 {[%clk 0:17:05]} 49. Qd6+ {[%clk 0:16:48]} Ka5
{[%clk 0:11:38]} 50. Qa3+ {[%clk 0:13:55]} Kb5 {[%clk 0:11:47]} 51. Qa8
{[%clk 0:13:47]} Qe6 {[%clk 0:09:23]} 52. c4+ {[%clk 0:11:33]} Qxc4
{[%clk 0:09:40]} 53. Qb7+ {[%clk 0:10:57]} Ka4 {[%clk 0:07:41]} 54. Qa7+
{[%clk 0:09:26]} Kb3 {[%clk 0:08:05]} 55. Qb6+ {[%clk 0:08:06]} Qb4
{[%clk 0:08:11]} 56. Qe3+ {[%clk 0:07:51]} Qc3 {[%clk 0:08:27]} 57. Qb6+
{[%clk 0:08:10]} Kc2 {[%clk 0:08:32]} 58. Qf2+ {[%clk 0:08:36]} Qd2
{[%clk 0:08:29]} 59. Qc5+ {[%clk 0:08:05]} Kd1 {[%clk 0:08:09]} 60. Qa3
{[%clk 0:08:04]} Ke2 {[%clk 0:03:55]} 61. Qa6+ {[%clk 0:06:18]} Ke1
{[%clk 0:04:18]} 62. Qa7 {[%clk 0:02:37]} Kf1 {[%clk 0:04:05]} 63. e6
{[%clk 0:01:45]} Qe1+ {[%clk 0:03:49]} 64. Kh3 {[%clk 0:01:18]} Qxe6+
{[%clk 0:03:11]} 65. Kg3 {[%clk 0:01:29]} Qe1+ {[%clk 0:03:31]} 66. Kh3
{[%clk 0:01:43]} a1=Q {[%clk 0:03:53]} 67. Qf7 {[%clk 0:01:48]} Qe2
{[%clk 0:03:18]} 0-1